Biblioteka Instytutu Północnego w Olsztynie

Niepodległościowa konspiracja młodzieżowa na ziemiach polskich w latach 1944/45-1956 / (Rekord nr 27597)

Szczegóły MARC
000 -Nagłówek
fixed length control field 02397cam a2200565 i 4500
001 - Nr kontrolny bibl., która utworzyła rek.
control field xx004687532
003 - Siglum bibl., której nr kontr. jest w 001
control field NUKAT
005 - Data i czas ostatniej operacji
control field 20260415150048.0
008 - Elementy pola stałej długości
fixed length control field 190827s2019 pl g |001 0 pol c
020 ## - ISBN
ISBN 9788380986459
dopowiedzenie (oprawa twarda) :
warunki dostępności zł 50,00
035 ## - Systemowy numer kontrolny
systemowy numer kontrolny (OCoLC)1117293766
035 ## - Systemowy numer kontrolny
systemowy numer kontrolny (NUKAT)xx004687532
040 ## - Instytucja sporządzająca opis
Instytucja, która sporządziła opis SIEDL 001/EC
język katalgowania-trzyzn. kod pol
zasady opisu rda
Instytucja, która sporządziła rekord SIEDL 001/EC
Instytucja, która zmodyfikowała rekord KAT U/JPs
-- WA 14/PTs
-- OLSZT 008/bak
045 2# - Okres czasu dla zawartości
czas między r. 9999 pne a nasz. czas. d1944
-- d1956
046 ## - Kod rodz. daty, data1, data2 (daty pne)
Begin/single date 2019
100 1# - Hasło główne-nazwa osobowa
Nazwa osobowa Wołoszyn, Jacek Witold
Daty biograficzne (1972- ).
rodzaj współpracy Autor
9 (RLIN) 40116
245 10 - Tytuł właściwy i oznaczenie odpow.
tytuł Niepodległościowa konspiracja młodzieżowa na ziemiach polskich w latach 1944/45-1956 /
dod. inf. ze s. tyt./ozn. odpow. Jacek Witold Wołoszyn ; Instytut Pamięci Narodowej - Komisja Ścigania Zbrodni przeciwko Narodowi Polskiemu. Oddział w Lublinie.
260 ## - Adres wydawniczy
miejsce wydania, dystrybucji itp. Lublin ;
-- Warszawa :
nazwa wydawcy, dystrybutora itp. Instytut Pamięci Narodowej - Komisja Ścigania Zbrodni przeciwko Narodowi Polskiemu. Oddział w Lublinie,
data wydania, dystrybucji itp. 2019.
300 ## - Opis fizyczny
objętość i/lub forma materiału 680 stron ;
format 25 cm.
336 ## - Content Type
Term Tekst
Code txt
Source rdacontent
337 ## - Media Type
Term Bez urządzenia pośredniczącego
Code n
Source rdamedia
338 ## - Carrier Type
Term Wolumin
Code nc
Source rdacarrier
380 ## - Form of work
Form of work Książki
380 ## - Form of work
Form of work Publikacje naukowe
385 ## - Audience Characteristics
Audience term Historycy
385 ## - Audience Characteristics
Audience term Politolodzy
385 ## - Audience Characteristics
Audience term Socjolodzy i socjolożki
388 1# - TIME PERIOD OF CREATION
Time period of creation term 2001-
504 ## - Uwaga o bibliografii
uwaga o bibliografii Bibliografia na stronach 619-650. Indeksy.
648 #7 - SUBJECT ADDED ENTRY--CHRONOLOGICAL TERM
Chronological term 1901-2000
Source of heading or term DBN
9 (RLIN) 34996
648 #7 - SUBJECT ADDED ENTRY--CHRONOLOGICAL TERM
Chronological term 1939-1945
Source of heading or term DBN
9 (RLIN) 36042
648 #7 - SUBJECT ADDED ENTRY--CHRONOLOGICAL TERM
Chronological term 1945-1989
Source of heading or term DBN
9 (RLIN) 36043
650 #7 - Hasło przedmiotowe-nazwa pospolita
nazwa pospolita lub geogr. Młodzież
określnik rzeczowy działalność polityczna
określnik geograficzny Polska
określnik chronologiczny 1945-1970.
źródło hasła kaba
9 (RLIN) 40117
650 #7 - Hasło przedmiotowe-nazwa pospolita
nazwa pospolita lub geogr. Ruchy młodzieżowe
określnik geograficzny Polska
określnik chronologiczny 1945-1970.
źródło hasła kaba
9 (RLIN) 40118
650 #7 - Hasło przedmiotowe-nazwa pospolita
nazwa pospolita lub geogr. Opór wobec władzy
określnik geograficzny Polska
określnik chronologiczny 1945-1970.
źródło hasła kaba
9 (RLIN) 16520
650 #7 - Hasło przedmiotowe-nazwa pospolita
nazwa pospolita lub geogr. Młodzież
źródło hasła DBN
9 (RLIN) 36362
650 #7 - Hasło przedmiotowe-nazwa pospolita
nazwa pospolita lub geogr. Opozycja polityczna legalna
źródło hasła DBN
9 (RLIN) 40119
650 #7 - Hasło przedmiotowe-nazwa pospolita
nazwa pospolita lub geogr. Organizacje młodzieżowe
źródło hasła DBN
9 (RLIN) 39362
650 #7 - Hasło przedmiotowe-nazwa pospolita
nazwa pospolita lub geogr. PRL
źródło hasła DBN
9 (RLIN) 35084
650 #7 - Hasło przedmiotowe-nazwa pospolita
nazwa pospolita lub geogr. Prześladowania polityczne
źródło hasła DBN
9 (RLIN) 36911
651 #7 - Hasło przedmiotowe-nazwa geogr.
nazwa geograficzna Lubelszczyzna
źródło hasła DBN
9 (RLIN) 35444
651 #7 - Hasło przedmiotowe-nazwa geogr.
nazwa geograficzna Polska
źródło hasła DBN
9 (RLIN) 35076
655 #7 - Termin określający rodzaj/formę
rodzaj/forma Monografia
źródło terminu DBN
9 (RLIN) 35240
658 ## - Nazwa określająca cel programu nauczania
główny cel programu nauczania Historia
658 ## - Nazwa określająca cel programu nauczania
główny cel programu nauczania Socjologia i społeczeństwo
658 ## - Nazwa określająca cel programu nauczania
główny cel programu nauczania Polityka, politologia, administracja publiczna
710 2# - Hasło dodatkowe - nazwa ciała zbior.
nazwa ciała zbior. lub nazwa geogr. Instytut Pamięci Narodowej - Komisja Ścigania Zbrodni przeciwko Narodowi Polskiemu.
nazwa jednostki podrzędnej Oddział (Lublin).
rodzaj współpracy Instytucja sprawcza
-- Wydawca
kod rodzaju współpracy pbl
9 (RLIN) 14495
920 ## - ISBN
ISBN 978-83-8098-645-9 (oprawa twarda) : zł 50,00
942 ## - ADDED ENTRY ELEMENTS (KOHA)
Source of classification or shelving scheme Dewey Decimal Classification
Koha item type pozycje dostępne na miejscu
Egzemplarze
Status wycofania Status zagubienia Klasyfikacja Status uszkodzenia Blokada wypożyczeń Kolekcja Lokalizacja macierzysta Lokalizacja bieżąca Data nabycia Numer akcesji Źródło akcesji Cena Nr inwentarzowy il. wypożyczeń Sygnatura Kod kreskowy Date last seen Price effective from Typ egz.
    Dewey Decimal Classification nieuszkodzona   książka w magazynie Biblioteka Instytutu Północnego w Olsztynie Biblioteka Instytutu Północnego w Olsztynie 15/11/2019 D-38/2019 dar 50.00 59897   59897 IPWK21596 15/04/2026 15/04/2026 pozycje dostępne na miejscu
Biblioteka Instytutu Północnego, ul. Partyzantów 87, 10-402 Olsztyn, email: biblioteka(at)ip.olsztyn.pl